000 01048nam a22002657a 4500
003 OSt
005 20260326164812.0
008 260326b |||||||| |||| 00| 0 eng d
020 _a9789583024566
037 _bDonación
040 _aCO-JMCR
_bspa
_cCO-JMCR
_dCO-JMCR
_erda
041 1 _aspa
_hita
082 0 4 _aI937.06
_bC17r
100 1 _aCasalis, Anna,
_d1953-
_944582
245 1 4 _aLos romanos :
_blibro con ventanillas /
_cAnna Casalis ; ilustraciones Tony Wolf ; traducción de Gabriela García de la Torre.
260 _aBogotá :
_bPanamericana Editorial,
_c2007.
300 _a[10] páginas :
_bilustraciones ;
_c29 cm.
534 _pTítulo original :
_tRomani.
650 7 _aCivilización latina
_vLiteratura juvenil.
_2JMCR
_944583
651 7 _aRoma
_xHistoria
_vLiteratura juvenil.
_2JMCR
_944584
651 7 _aRoma
_xVida social y costumbres
_vLiteratura juvenil.
_2JMCR
_944585
700 1 _aWolf, Tony,
_d1930-2018,
_eilustrador
_944586
700 1 _aGarcía de la Torre, Gabriela,
_d1970-
_etraductor
_944587
942 _2ddc
_cBK
999 _c31166
_d17550